Duálne zobrazovanie cien pri prechode na euro a ochrana spotrebiteľov

Problematika zavedenia eura v SR riešená zákonom č. 659/2007 Z.z. - tzv. generálny zákon.Vykonávací predpis ku generálnemu zákonu - o podrobnostiach duálneho zobrazovania pre oblasť ochrany spotrebiteľov. Ceny podľa konverzného kurzu a čo najpresnejšie. Výnimky a osobitné pravidlá duálneho zobrazova...

Descrizione completa

Salvato in:
Dettagli Bibliografici
Autore principale: Machútová, Nadežda
Natura: Capitolo di libro
Lingua:slovacco
Soggetti:
Tags: Aggiungi Tag
Nessun Tag, puoi essere il primo ad aggiungerne!!

MARC

LEADER 00000naa$a2200000$$$4500
001 0075611
005 20231116084646.3
041 0 |a slo 
044 |a SK 
245 1 0 |a Duálne zobrazovanie cien pri prechode na euro a ochrana spotrebiteľov  |c Nadežda Machútová 
520 |a Problematika zavedenia eura v SR riešená zákonom č. 659/2007 Z.z. - tzv. generálny zákon.Vykonávací predpis ku generálnemu zákonu - o podrobnostiach duálneho zobrazovania pre oblasť ochrany spotrebiteľov. Ceny podľa konverzného kurzu a čo najpresnejšie. Výnimky a osobitné pravidlá duálneho zobrazovania. Duálny hotovostný peňažný obeh. Kontrola dodržiavania generálneho zákona. 
610 2 0 |a peniaze 
610 2 0 |a mena 
610 2 0 |a euro 
610 2 0 |a eurozóna 
610 2 0 |a ceny 
610 2 0 |a kurz výmenný 
610 2 0 |a legislatíva 
610 2 0 |a kontrola 
610 2 0 |a Slovensko 
100 1 |a Machútová, Nadežda